000 00620nam a22002537a 4500
001 22679
003 UA-OsUOA
005 20210721153619.0
007 ta
008 20031223b un ||||| |||| 00| 0 ukr d
040 _aUA-OsUOA
_brus
_cUA-OsUOA
_dUA-OsUOA
041 _arus
044 _aRU
080 _a165
090 _a165
_bБ97
100 _aБэкон Ф.
245 _aСочинения в двух томах
_cФ. Бэкон ; А. Л. Субботин
260 _aМосква
_bМысль
_c1971
300 _a590 с.
_bил.
505 _gТ. 1
650 7 _2UDC
942 _cBK
_2udc
955 _a0
999 _c308905
_d308905